NBA 2K24 Top 50 Players - Statistics

General Stats
  • This quiz has been taken 684 times
  • The average score is 46 of 50
Answer Stats
Club Position Overall Player % Correct
Milwaukee Bucks PF/C 96 Giannis Antetokounmpo
99%
Phoenix Suns PF/SF 96 Kevin Durant
99%
Los Angeles Lakers SF/PG 96 LeBron James
99%
Dallas Mavericks PG/SF 95 Luka Doncic
99%
Denver Nuggets C 98 Nikola Jokic
99%
Golden State Warriors PG/SG 96 Stephen Curry
99%
Boston Celtics PF/SF 95 Jayson Tatum
98%
Philadelphia 76ers C 96 Joel Embiid
98%
Los Angeles Lakers PF/C 93 Anthony Davis
97%
Portland Trail Blazers PG 94 Damian Lillard
97%
Phoenix Suns SG/PG 94 Devin Booker
97%
Memphis Grizzlies PG 92 Ja Morant
97%
Miami Heat SF/SG 95 Jimmy Butler
97%
Los Angeles Clippers SF/PF 94 Kawhi Leonard
97%
Dallas Mavericks PG/SG 90 Kyrie Irving
97%
Atlanta Hawks PG 89 Trae Young
97%
Minnesota Timberwolves SG/SF 88 Anthony Edwards
96%
Cleveland Cavaliers SG/PG 92 Donovan Mitchell
96%
Denver Nuggets PG/SG 88 Jamal Murray
96%
Boston Celtics SG/SF 89 Jaylen Brown
96%
Oklahoma City Thunder PG/SG 93 Shai Gilgeous-Alexander
96%
New Orleans Pelicans PF/C 90 Zion Williamson
96%
Sacramento Kings PG 88 De'Aaron Fox
95%
Charlotte Hornets PG/SG 86 LaMelo Ball
95%
Los Angeles Clippers SF/SG 89 Paul George
95%
Miami Heat C 87 Bam Adebayo
94%
Sacramento Kings PF/C 87 Domantas Sabonis
94%
New York Knicks PG 88 Jalen Brunson
94%
Indiana Pacers SG/PG 88 Tyrese Haliburton
94%
Philadelphia 76ers SG/PG 89 James Harden
93%
Philadelphia 76ers PG/SG 85 Tyrese Maxey
92%
Cleveland Cavaliers PG 86 Darius Garland
91%
Minnesota Timberwolves C 85 Karl-Anthony Towns
91%
Golden State Warriors SG/SF 85 Klay Thompson
91%
Chicago Bulls SG/SF 86 Zach LaVine
91%
Detroit Pistons PG/SG 84 Cade Cunningham
90%
Milwaukee Bucks PG/SG 87 Jrue Holiday
90%
San Antonio Spurs C 84 Victor Wembanyama
90%
Milwaukee Bucks SF/PF 85 Khris Middleton
89%
Phoenix Suns SG/PG 86 Bradley Beal
88%
Chicago Bulls SG/SF 86 DeMar DeRozan
88%
Memphis Grizzlies PF/C 86 Jaren Jackson Jr.
88%
Boston Celtics C/PF 86 Kristaps Porzingis
87%
New Orleans Pelicans SF/PF 85 Brandon ingram
84%
Golden State Warriors PG 85 Chris Paul
84%
Utah Jazz PF/SF 86 Lauri Markkanen
84%
Cleveland Cavaliers PF/C 85 Evan Mobley
83%
New York Knicks PF/C 85 Julius Randle
83%
Toronto Raptors PF/C 86 Pascal Siakam
80%
Brooklyn Nets SF/PF 86 Mikal Bridges
75%
No matching quizzes found
Score Distribution
Percent of People with Each Score
Percentile by Number Answered
Your Score History
You have not taken this quiz